Online Catalogue and eLibrary

pagoda house : (Record no. 3443)

MARC details
000 -LEADER
fixed length control field 00450nam a2200181Ia 4500
005 - DATE AND TIME OF LATEST TRANSACTION
control field 20250123032808.0
008 - FIXED-LENGTH DATA ELEMENTS--GENERAL INFORMATION
fixed length control field 240331s9999 xx 000 0 und d
020 ## - INTERNATIONAL STANDARD BOOK NUMBER
ISBN 9559530704
082 ## - DDC Classification
Item Number - Author Mark DES
Class No. 920
100 ## - MAIN ENTRY--PERSONAL NAME
Personal name De Silva, A
245 #0 - TITLE STATEMENT
Title pagoda house :
Remainder of title recollections ofchildhood
260 ## - PUBLICATION, DISTRIBUTION, ETC.
Place of publication, distribution, etc. Colombo
Name of publisher, distributor, etc. Alfreda De Silva
Date of publication, distribution, etc. 1990
300 ## - PHYSICAL DESCRIPTION
Extent (e.g. Volumes, Pages etc.) Vii, 94 p .,
650 ## - SUBJECT ADDED ENTRY--TOPICAL TERM
Topical term or geographic name entry element Poetry
650 ## - SUBJECT ADDED ENTRY--TOPICAL TERM
Topical term or geographic name entry element Short Stories
650 ## - SUBJECT ADDED ENTRY--TOPICAL TERM
Topical term or geographic name entry element anthologies
942 ## - Koha item type (Biblio)
Koha item type Books in Stacks (Lending)
Holdings
Lost status Damaged status Collection code Home library Current library Shelving location Date acquired Full call number Accession Number Item type
    Lending WERC Library WERC Library Social Science Cupboard 03/31/2024 820 DES 173 Books in Stacks (Lending)

© WERC Library